1960 excavations, Glen Canyon area (Record no. 76592)
[ view plain ]
| 000 -LEADER | |
|---|---|
| fixed length control field | 01741nam a2200373 a 4500 |
| 100 1# - MAIN ENTRY--AUTHOR NAME | |
| Personal name | Sharrock, Floyd W. |
| 245 10 - TITLE STATEMENT | |
| Title | 1960 excavations, Glen Canyon area |
| 260 ## - PUBLICATION, DISTRIBUTION, ETC. (IMPRINT) | |
| Place of publication | Salt Lake City : |
| Name of publisher | University of Utah Press, |
| Year of publication | 1961. |
| 300 ## - PHYSICAL DESCRIPTION | |
| Number of Pages | xiv, 360, v, 12 p. : |
| Other physical details | ill., maps. |
| 490 1# - SERIES STATEMENT | |
| Series statement | University of Utah. Department of Anthropology. Anthropological papers ; |
| Series statement | Glen Canyon series ; |
| 650 #0 - SUBJECT ADDED ENTRY--TOPICAL TERM | |
| Topical Term | Indians of North America |
| 700 1# - ADDED ENTRY--PERSONAL NAME | |
| Personal name | Fowler, Don D., |
| Personal name | Turner, Christy G. |
| Personal name | Pendergast, David M. |
| 856 40 - ELECTRONIC LOCATION AND ACCESS | |
| Uniform Resource Identifier | http://site.ebrary.com/lib/rucke/Doc?id=10294397 |
No items available.
